Normal view
MARC view
- Hindu Kush Mountains (Afghanistan and Pakistan)
Entry Geographic Name
001 - CONTROL NUMBER
- control field: 4713
003 - CONTROL NUMBER IDENTIFIER
- control field: NUST
005 - DATE AND TIME OF LATEST TRANSACTION
- control field: 20170920163741.0
008 - FIXED-LENGTH DATA ELEMENTS
- fixed length control field: 170920|| aca||aabn | a|a d
040 ## - CATALOGING SOURCE
- Original cataloging agency: NUST
- Transcribing agency: NUST
151 ## - HEADING--GEOGRAPHIC NAME
- Geographic name: Hindu Kush Mountains (Afghanistan and Pakistan)
- General subdivision: History.
670 ## - SOURCE DATA FOUND
- Source citation: Work cat.: (NUST)0: Biddulph, J. (John), 1840-1921. 4711, Tribes of the Hindoo Koosh /, 2001.
